000 00704nam a2200217 a 4500
005 20140310183329.0
008 060811s19uu xx 00 eng d
020 _a9780120884827
050 _aTR 897.7
_b.G68 2005 vol.2
100 _aGould, David A.D.
245 _aComplete maya programming :
_ban in-depth guide to 3D fundamentals, geometry, and modeling /
_cDavid A.D. Gould.
260 _aAmsterdam :
_bMorgan Kaufman Publishers,
_c2005.
300 _a717 p. :
_bill. ;
_c24 cm.
521 _aIT
650 _aMaya (Computer file).
650 _aComputer animation.
650 _aComputer graphics.
650 _aThree-dimensional display system.
942 _cBK
_2lcc
_kFOR
999 _c21518
_d21518